Democracy and reform: rewriting the constitution in Bolivia and Venezuela (Record no. 74323)

000 -LEADER
fixed length control field 00710pab a2200241 454500
008 - FIXED-LENGTH DATA ELEMENTS--GENERAL INFORMATION
fixed length control field 180718b2007 xxu||||| |||| 00| 0 eng d
100 ## - MAIN ENTRY--PERSONAL NAME
Personal name Fernandez, Sujatha
245 ## - TITLE STATEMENT
Title Democracy and reform: rewriting the constitution in Bolivia and Venezuela
260 ## - PUBLICATION, DISTRIBUTION, ETC.
Date of publication, distribution, etc. 2007
300 ## - PHYSICAL DESCRIPTION
Extent p.1888-889.
362 ## - DATES OF PUBLICATION AND/OR SEQUENTIAL DESIGNATION
Dates of publication and/or sequential designation 26 May
650 ## - SUBJECT ADDED ENTRY--TOPICAL TERM
Topical term or geographic name entry element Constitutions
650 ## - SUBJECT ADDED ENTRY--TOPICAL TERM
Topical term or geographic name entry element Venezuela - Constitution
650 ## - SUBJECT ADDED ENTRY--TOPICAL TERM
Topical term or geographic name entry element Bolivia - Constitution
650 ## - SUBJECT ADDED ENTRY--TOPICAL TERM
Topical term or geographic name entry element Democracy - Venezuela
650 ## - SUBJECT ADDED ENTRY--TOPICAL TERM
Topical term or geographic name entry element Democracy - Bolivia
650 ## - SUBJECT ADDED ENTRY--TOPICAL TERM
Topical term or geographic name entry element Administrative reform - Venezuela
650 ## - SUBJECT ADDED ENTRY--TOPICAL TERM
Topical term or geographic name entry element Administrative reform - Bolivia
650 ## - SUBJECT ADDED ENTRY--TOPICAL TERM
Topical term or geographic name entry element Administrative reform
773 ## - HOST ITEM ENTRY
Main entry heading Economic and Political Weekly
908 ## - PUT COMMAND PARAMETER (RLIN)
Put command parameter N
909 ## -
-- 74323
Holdings
Withdrawn status Lost status Damaged status Not for loan Permanent Location Current Location Date acquired Serial Enumeration / chronology Barcode Date last seen Price effective from Koha item type
        Indian Institute of Public Administration Indian Institute of Public Administration 2018-07-19 Volume no: 42, Issue no: 21 AR74783 2018-07-19 2018-07-19 Articles

Powered by Koha